Nghiên cứu con người

Na minha lista:
Detalhes bibliográficos
Formato: Livro
Idioma:Undetermined
Publicado em: Hà Nội Viện nghiên cứu con người 2019
Assuntos:
Tags: Adicionar Tag
Sem tags, seja o primeiro a adicionar uma tag!
Thư viện lưu trữ: Trung tâm Học liệu Trường Đại học Cần Thơ
LEADER 00581nam a2200193Ia 4500
001 CTU_233770
008 210402s9999 xx 000 0 und d
020 |c 35000 
082 |a 301 
082 |b Ngh305 
245 0 |a Nghiên cứu con người 
245 0 |c Viện nghiên cứu con người 
260 |a Hà Nội 
260 |b Viện nghiên cứu con người 
260 |c 2019 
650 |a Human studies,Nghiên cứu con người 
904 |i T.Trang 
910 |i Thùy Trang 
980 |a Trung tâm Học liệu Trường Đại học Cần Thơ